Biochemistry for medical laboratory technology students (Record no. 393637)
[ view plain ]
| 000 -LEADER | |
|---|---|
| fixed length control field | 00605 a2200217 4500 |
| 005 - DATE & TIME | |
| control field | 20251218163619.0 |
| 008 - FIXED-LENGTH DATA ELEMENTS--GENERAL INFORMATION | |
| fixed length control field | 251218b |||||||| |||| 00| 0 eng d |
| 020 ## - ISBN | |
| International Standard Book Number | 9789354668999 |
| Price | Rs. 750.00 |
| 040 ## - CATALOGING SOURCE | |
| Original cataloging agency | VIVEKANANDA LIBRARY |
| 082 ## - DDC NUMBER | |
| Classification number | 572 |
| Book Number | H213B(3) |
| 100 ## - MAIN ENTRY--PERSONAL NAME | |
| Personal name | Harbans Lal |
| 245 ## - TITLE STATEMENT | |
| Title | Biochemistry for medical laboratory technology students |
| 250 ## - EDITION STATEMENT | |
| Edition statement | 3rd |
| 260 ## - PUBLICATION, DISTRIBUTION, ETC. (IMPRINT) | |
| Name of publisher, distributor, etc | CBS Publishers and Distributors |
| Date of publication, distribution, etc | 2024 |
| Place of publication, distribution, etc | New Delhi |
| 300 ## - PHYSICAL DESCRIPTION | |
| Pages | 364 |
| 650 ## - Subject | |
| Subject | Biochemistry |
| 650 ## - Subject | |
| Subject | Medical Laboratory Technology |
| 650 ## - Subject | |
| Subject | Analytical Biochemistry |
| 700 ## - Added Entry Personal Name | |
| Added Entry Personal Name | Sachdeva, Ashuma |
| 942 ## - ADDED ENTRY ELEMENTS (KOHA) | |
| Koha item type | Books |
| Withdrawn status | Lost status | Source of classification or shelving scheme | Damaged status | Not for loan | Location (home branch) | Sublocation or collection (holding branch) | Shelving location | Date acquired | Koha issues (times borrowed) | Koha full call number | Accession No. | Koha date last seen | Koha item type |
|---|---|---|---|---|---|---|---|---|---|---|---|---|---|
| Dewey Decimal Classification | VIVEKANANDA LIBRARY | VIVEKANANDA LIBRARY | Vivekananda Library | 04/12/2025 | 572 H213B(3) | 443568 | 04/12/2025 | Books | |||||
| Dewey Decimal Classification | VIVEKANANDA LIBRARY | VIVEKANANDA LIBRARY | Vivekananda Library | 18/12/2025 | 572 H213B(3) | 443569 | 18/12/2025 | Books |
